The law of carriage by inland transport (Record no. 371038)

000 -LEADER
fixed length control field 00544cam a22001697a 4500
008 - FIXED-LENGTH DATA ELEMENTS--GENERAL INFORMATION
fixed length control field 180718b1956 xxu||||| |||| 00| 0 eng d
082 ## - DEWEY DECIMAL CLASSIFICATION NUMBER
Classification number W03x42 K122
100 ## - MAIN ENTRY--PERSONAL NAME
Personal name Kahn-Freund, Otto
245 ## - TITLE STATEMENT
Title The law of carriage by inland transport
Statement of responsibility, etc. by Otto Kahn-Freund
250 ## - EDITION STATEMENT
Edition statement 3rd ed.
260 ## - PUBLICATION, DISTRIBUTION, ETC.
Place of publication, distribution, etc. London
Name of publisher, distributor, etc. Stevens
Date of publication, distribution, etc. 1956
300 ## - PHYSICAL DESCRIPTION
Extent 472p.
500 ## - GENERAL NOTE
General note Cover title: The Law of inland transport
650 ## - SUBJECT ADDED ENTRY--TOPICAL TERM
Topical term or geographic name entry element Transportation --Law and legislation --Great Britain
650 ## - SUBJECT ADDED ENTRY--TOPICAL TERM
Topical term or geographic name entry element Railroad law --Great Britain
650 ## - SUBJECT ADDED ENTRY--TOPICAL TERM
Topical term or geographic name entry element Carriers --Great Britain
Holdings
Withdrawn status Lost status Damaged status Not for loan Permanent Location Current Location Date acquired Full call number Barcode Date last seen Price effective from Koha item type
        Indian Institute of Public Administration Indian Institute of Public Administration 1994-06-08 W03x42 K122 5797 2018-07-21 2018-07-21 Book

Powered by Koha